Представление документа в формате MARC21

Поле Инд. ПП Название Значение
Тип записи a
Библиографический уровень b
001 Контрольный номер 8dbd95976a8241ddb95ae9411ee86cb5
005 Дата корректировки 20200625110229.8
008 Кодируемые данные 20170331
040 b Код языка каталог. rus
e Правила каталог. PSBO
041 0_ a Код языка текста rus
084 a Индекс другой классификации/Индекс ББК 67.408.018(2Рос)
100 1_ a Автор Сизова В. Н.
245 10 a Заглавие Некоторые аспекты необходимости закрепления категории «уголовный проступок» в российском уголовном законодательстве
520 0_ a Аннотация В статье подвергаются анализу современные уголовно-правовые тенденции, исследуются вопросы модернизации уголовно-правовой системы, выработки концептуально новых подходов к уголовному правотворчеству и правоприменению, введения новых уголовно-правовых категорий, необходимости законодательного закрепления уголовных проступков и правовых последствий такого закрепления
650 14 a Основная рубрика право; уголовное право
653 0_ a Ключевые слова административные правонарушения
a Ключевые слова декриминализация
a Ключевые слова депенализация
a Ключевые слова квалификация преступлений
a Ключевые слова концептуальное форматирование
a Ключевые слова криминализация
a Ключевые слова пенализация
a Ключевые слова правовое регулирование
a Ключевые слова Россия
a Ключевые слова социальная обусловленность
a Ключевые слова уголовное законодательство
a Ключевые слова уголовно-правовая система
a Ключевые слова уголовно-правовые тенденции
a Ключевые слова уголовные преступления
a Ключевые слова Уголовный кодекс РФ
a Ключевые слова уголовный проступок
773 08 t Заглавие источника Российская юстиция
d Дата издания источника 2020
g Прочая информация № 3. - С. 19 - 22
w Контрольный № источника e7466aa06b2540358281e2135db0f8ff
901 t Тип документа b